| 000 | 00640nam a2200205 4500 | ||
|---|---|---|---|
| 005 | 20260514112133.0 | ||
| 008 | 260514b |||||||| |||| 00| 0 eng d | ||
| 040 | _cAL | ||
| 041 | _aKonkani/Devanagari | ||
| 082 |
_a891.46308 _bMARH |
||
| 100 |
_aGlanish Martis _9263955 |
||
| 100 |
_dಗ್ಲ್ಯಾನಿಶ್ ಮಾರ್ಟಿಸ್ _9263952 |
||
| 245 |
_aHeredity _b: ಹೆರಿಡಿಟಿ |
||
| 260 |
_aMangaluru _bKittall Publications _c2024 |
||
| 300 |
_aviii,111p _bPB _c21x13.5cm |
||
| 365 |
_2Kannada _c₹ _d200.00 |
||
| 650 |
_aMatvyo Kaniyo _9263953 |
||
| 650 |
_aKonkani Small Stories _9263954 |
||
| 942 |
_2ddc _cDB |
||
| 999 |
_c241432 _d241432 |
||